Géographie de l'Afrique par lettre - P - Statistiques

Statistiques générales
  • Ce quiz a été pris 152 fois
  • Le résultat moyen est 4 sur 9
Statistiques - réponses
Indice Réponse % Correct
Capitale administrative de l'Afrique du Sud Pretoria
96%
Langue parlée en Angola et au Mozambique Portugais
76%
Point culminant de la Réunion Piton des Neiges
68%
Île formant, avec São Tomé, un des 5 pays insulaires du continent. Principe
63%
Peuple d'Afrique centrale caractérisé par une petite taille Pygmées
54%
Animal national du Gabon Panthère noire
38%
Grande ville côtière de la République du Congo Pointe-Noire
20%
Monnaie du Botswana, portant le même nom qu'une ville de Croatie Pula
14%
Région du nord-est de la Somalie Pount
7%
Aucun quiz correspondant
Distribution des résultats
% des personnes avec chaque résultat
Percentile par nombre de réponses
Votre historique - résultats
Vous n’avez pas pris ce quiz